[Event "Belt and Road Hunan op-B"]
[Site "Changsha"]
[Date "2019.07.31"]
[Round "4"]
[White "Hou, Yifan B"]
[Black "Bayarmandakh, Balgan"]
[Result "0-1"]
[WhiteElo "2024"]
[BlackElo "2219"]
[PlyCount "130"]
[EventDate "2019.07.29"]
[EventType "swiss"]
[EventRounds "9"]
[EventCountry "CHN"]
[SourceTitle "EXT 2020"]
[Source "ChessBase"]
[SourceDate "2019.10.17"]
[SourceVersion "1"]
[SourceVersionDate "2019.10.17"]
[SourceQuality "1"]

1. d4 Nf6 2. Nf3 g6 3. c4 Bg7 4. g3 O-O 5. Bg2 d6 6. O-O c6 7. Nc3 Nbd7 8. Bf4
Qa5 9. Bd2 Qc7 10. Qc1 Re8 11. Bh6 Bh8 12. h3 e5 13. dxe5 dxe5 14. Rd1 Nf8 15.
Qc2 Ne6 16. Rd2 Nc5 17. e4 a5 18. Be3 Qe7 19. Rad1 Nfd7 20. b3 Bg7 21. Ne1 Nf8
22. Nd3 Nce6 23. Na4 Nd4 24. Bxd4 exd4 25. Nb6 Ra6 26. Nxc8 Rxc8 27. c5 Rd8 28.
Qc4 Raa8 29. Re1 Ne6 30. f4 Bf8 31. Rc2 Nc7 32. e5 Qe6 33. Qxe6 fxe6 34. a4 Na6
35. Rc4 Rab8 36. Rd1 Kf7 37. Be4 Be7 38. Kg2 Rd7 39. g4 Kg7 40. f5 exf5 41.
gxf5 gxf5 42. Bxf5 Rdd8 43. Kf3 Kh8 44. Rg1 Rf8 45. Ke4 Rbd8 46. Rc2 Nc7 47.
Rcg2 Nd5 48. Rg7 Nc3+ 49. Kf4 Ne2+ 50. Ke4 Nxg1 51. Rxh7+ Kg8 52. Rxe7 Ne2 53.
Be6+ Kh8 54. Rd7 Rxd7 55. Bxd7 Kg7 56. Bg4 Nc3+ 57. Kxd4 Nd5 58. e6 Kf6 59. Ne5
Rd8 60. Nd7+ Ke7 61. Ke5 Rg8 62. Bf5 Rg3 63. h4 Re3+ 64. Be4 Nc7 65. Nf6 Nxe6
0-1

[Event "Belt and Road Hunan op-B"]
[Site "Changsha"]
[Date "2019.07.31"]
[Round "5"]
[White "Zhang, Xiao"]
[Black "Hou, Yifan B"]
[Result "1-0"]
[WhiteElo "2259"]
[BlackElo "2024"]
[PlyCount "95"]
[EventDate "2019.07.29"]
[EventType "swiss"]
[EventRounds "9"]
[EventCountry "CHN"]
[SourceTitle "EXT 2020"]
[Source "ChessBase"]
[SourceDate "2019.10.17"]
[SourceVersion "1"]
[SourceVersionDate "2019.10.17"]
[SourceQuality "1"]

1. d4 Nf6 2. c4 e6 3. g3 d5 4. Bg2 Be7 5. Nf3 dxc4 6. Qa4+ Bd7 7. Qxc4 Bc6 8.
O-O Nbd7 9. Nc3 a6 10. Qd3 b5 11. a3 Bb7 12. b4 Bd6 13. e4 e5 14. Bb2 O-O 15.
Rfe1 Re8 16. Rad1 exd4 17. Qxd4 Ne5 18. Nxe5 Bxe5 19. Qe3 Qe7 20. f4 Bxc3 21.
Qxc3 Rad8 22. Rc1 Rd7 23. Bh3 Rdd8 24. Qxc7 Qxc7 25. Rxc7 Bxe4 26. Bxf6 gxf6
27. Ra7 f5 28. Rxa6 Ra8 29. Rxa8 Rxa8 30. Re3 Rc8 31. Bf1 Rb8 32. Rc3 Kf8 33.
Kf2 Ke7 34. Ke3 Kd6 35. Kd2 Bc6 36. Rc5 Bd7 37. Bd3 Ra8 38. Bxb5 Bxb5 39. Rxb5
Rxa3 40. Rxf5 Ke6 41. Rh5 Rb3 42. b5 Kf6 43. Kc2 Rb4 44. Kc3 Rb1 45. Kc4 Kg6
46. Rc5 Rb2 47. Kd5 Rxh2 48. Kc6 1-0

[Event "Belt and Road Hunan op-B"]
[Site "Changsha"]
[Date "2019.08.01"]
[Round "6"]
[White "Hou, Yifan B"]
[Black "Looi, Xin Hao"]
[Result "1-0"]
[WhiteElo "2024"]
[BlackElo "2147"]
[PlyCount "91"]
[EventDate "2019.07.29"]
[EventType "swiss"]
[EventRounds "9"]
[EventCountry "CHN"]
[SourceTitle "EXT 2020"]
[Source "ChessBase"]
[SourceDate "2019.10.17"]
[SourceVersion "1"]
[SourceVersionDate "2019.10.17"]
[SourceQuality "1"]

1. d4 Nf6 2. Nf3 g6 3. c4 Bg7 4. g3 O-O 5. Bg2 d6 6. O-O c5 7. Nc3 Nc6 8. b3
cxd4 9. Nxd4 Nxd4 10. Qxd4 Be6 11. Bb2 Qc8 12. Nd5 Bxd5 13. Bxd5 Nh5 14. Qd2
Bxb2 15. Qxb2 Qd7 16. Rfd1 Rac8 17. a4 Nf6 18. Rd3 Nxd5 19. Rxd5 Rc5 20. Rad1
Rfc8 21. e4 Qg4 22. Qc2 a6 23. a5 h5 24. Kg2 Qd7 25. R1d3 Qe6 26. R3d4 h4 27.
Qd2 h3+ 28. Kg1 Qf6 29. Qf4 Rxa5 30. Qxf6 Ra1+ 31. Rd1 Rxd1+ 32. Rxd1 exf6 33.
g4 b5 34. f3 bxc4 35. bxc4 Rxc4 36. Kf2 Rc6 37. Rd5 Kf8 38. Kg3 Ke7 39. Ra5 Kd7
40. Kxh3 Kc7 41. Kg3 Kb6 42. Ra1 a5 43. h4 Rc8 44. Rb1+ Kc6 45. Rc1+ Kd7 46.
Rxc8 1-0

[Event "Belt and Road Hunan op-B"]
[Site "Changsha"]
[Date "2019.08.01"]
[Round "7"]
[White "Cheng, Yuanda"]
[Black "Hou, Yifan B"]
[Result "1/2-1/2"]
[WhiteElo "2117"]
[BlackElo "2024"]
[PlyCount "94"]
[EventDate "2019.07.29"]
[EventType "swiss"]
[EventRounds "9"]
[EventCountry "CHN"]
[SourceTitle "EXT 2020"]
[Source "ChessBase"]
[SourceDate "2019.10.17"]
[SourceVersion "1"]
[SourceVersionDate "2019.10.17"]
[SourceQuality "1"]

1. e4 c5 2. Nf3 Nc6 3. d3 d6 4. g3 g6 5. Bg2 Bg7 6. O-O e6 7. Re1 Nge7 8. Nbd2
O-O 9. h4 Nd4 10. c3 Nxf3+ 11. Nxf3 e5 12. d4 cxd4 13. cxd4 Bg4 14. dxe5 dxe5
15. Qb3 b6 16. Bg5 h6 17. Red1 Qc7 18. Rac1 Qb7 19. Be3 Rfd8 20. Rxd8+ Rxd8 21.
Qa4 Qd7 22. Qxd7 Rxd7 23. Nd2 Be2 24. Bh3 f5 25. f3 Bb5 26. Kf2 Kf7 27. b3 h5
28. a4 Ba6 29. b4 Bd3 30. b5 Bf6 31. Nc4 Rd8 32. Nd2 Rc8 33. Rxc8 Nxc8 34. Bf1
Bc2 35. Bc4+ Ke7 36. Bb3 Bxb3 37. Nxb3 Nd6 38. Nd2 Ke6 39. Ke2 fxe4 40. fxe4
Be7 41. Kd3 Nb7 42. Nb3 Nd6 43. Bd2 Nb7 44. Be1 Nc5+ 45. Nxc5+ Bxc5 46. Kc4 Bd4
47. Kb4 Bc5+ 1/2-1/2

[Event "Belt and Road Hunan op-B"]
[Site "Changsha"]
[Date "2019.08.02"]
[Round "8"]
[White "Hou, Yifan B"]
[Black "Ma, Ling"]
[Result "1/2-1/2"]
[WhiteElo "2024"]
[BlackElo "2231"]
[PlyCount "75"]
[EventDate "2019.07.29"]
[EventType "swiss"]
[EventRounds "9"]
[EventCountry "CHN"]
[SourceTitle "EXT 2020"]
[Source "ChessBase"]
[SourceDate "2019.10.17"]
[SourceVersion "1"]
[SourceVersionDate "2019.10.17"]
[SourceQuality "1"]

1. d4 d5 2. Nf3 Bf5 3. c4 e6 4. e3 Nf6 5. Nc3 a6 6. Ne5 Nbd7 7. Qb3 Rb8 8. Nxd7
Qxd7 9. cxd5 Nxd5 10. Nxd5 Qxd5 11. Qxd5 exd5 12. Bd2 Bd6 13. Rc1 O-O 14. Be2
Bd7 15. Bc3 f5 16. f4 a5 17. b3 b5 18. Kf2 b4 19. Bb2 h6 20. Bf3 c6 21. Rhg1 g5
22. g4 fxg4 23. Bxg4 Be8 24. Be6+ Kh7 25. f5 Bxh2 26. Rg2 Bd6 27. Rh1 Bf7 28.
Bd7 Be8 29. Be6 Bf7 30. Bd7 Rb7 31. Bxc6 Rc7 32. Bb5 Be6 33. Rxg5 Rc2+ 34. Kg1
Bxf5 35. Rxf5 Rxf5 36. Bd3 Rxb2 37. Bxf5+ Kg7 38. Be6 1/2-1/2

[Event "Belt and Road Hunan op-B"]
[Site "Changsha"]
[Date "2019.08.02"]
[Round "9"]
[White "Zhang, Lanlin"]
[Black "Hou, Yifan B"]
[Result "0-1"]
[WhiteElo "2195"]
[BlackElo "2024"]
[PlyCount "56"]
[EventDate "2019.07.29"]
[EventType "swiss"]
[EventRounds "9"]
[EventCountry "CHN"]
[SourceTitle "EXT 2020"]
[Source "ChessBase"]
[SourceDate "2019.10.17"]
[SourceVersion "1"]
[SourceVersionDate "2019.10.17"]
[SourceQuality "1"]

1. e4 c5 2. Nf3 Nc6 3. d4 cxd4 4. Nxd4 Qc7 5. Nc3 e6 6. Be2 a6 7. O-O Nf6 8.
Be3 Be7 9. Kh1 O-O 10. f4 d6 11. Qe1 Re8 12. Qg3 Bd7 13. Nb3 Bc8 14. a3 b6 15.
Rae1 Bb7 16. Bd3 Rac8 17. Bd2 Bf8 18. Qh4 e5 19. Nd5 Qd8 20. Qh3 h6 21. fxe5
Nxd5 22. e6 Rxe6 23. exd5 Rxe1 24. Rxe1 Ne5 25. Be4 Rc4 26. Bf4 Qf6 27. Bxe5
Rxe4 28. Bxf6 Rxe1# 0-1

[Event "Wch U10"]
[Site "Weifang"]
[Date "2019.08.21"]
[Round "1"]
[White "Lu, Miaoyi"]
[Black "Hou, Yixuan"]
[Result "1-0"]
[WhiteElo "1950"]
[BlackElo "1287"]
[PlyCount "47"]
[EventDate "2019.08.21"]
[EventType "swiss"]
[EventRounds "11"]
[EventCountry "CHN"]
[SourceTitle "EXT 2020"]
[Source "ChessBase"]
[SourceDate "2019.10.17"]
[SourceVersion "1"]
[SourceVersionDate "2019.10.17"]
[SourceQuality "1"]

1. d4 Nf6 2. c4 e6 3. g3 d5 4. Nf3 Be7 5. Bg2 O-O 6. O-O Nbd7 7. Nbd2 b6 8.
cxd5 exd5 9. Ne5 Bb7 10. f4 c5 11. e3 Qc7 12. Kh1 Rad8 13. Ndf3 Ne4 14. Qc2 f6
15. Nxd7 Qxd7 16. Kg1 Ba6 17. Rd1 Rc8 18. dxc5 Nxc5 19. Qb1 Qg4 20. Rd2 Qe6 21.
Ng5 Qxe3+ 22. Rf2 Qe1+ 23. Rf1 Bxf1 24. Qxh7# 1-0

[Event "Cap d'Agde Karpov Trophy"]
[Site "Cap d'Agde"]
[Date "2019.10.25"]
[Round "2"]
[White "Sarana, Alexey"]
[Black "Hou, Yifan"]
[Result "0-1"]
[WhiteElo "2655"]
[BlackElo "2659"]
[PlyCount "158"]
[EventDate "2019.10.25"]
[EventType "tourn (rapid)"]
[EventRounds "14"]
[EventCountry "FRA"]
[EventCategory "14"]
[SourceTitle "CBM 192 Extra"]
[Source "Chessbase"]
[SourceDate "2019.11.06"]
[SourceVersion "1"]
[SourceVersionDate "2019.11.06"]
[SourceQuality "1"]

1. d4 Nf6 2. c4 e6 3. Nf3 d5 4. g3 Bb4+ 5. Nbd2 O-O 6. Bg2 b6 7. O-O Bb7 8.
cxd5 exd5 9. Qb3 Bd6 10. Nb1 Ne4 11. Nc3 Nxc3 12. Qxc3 Nd7 13. Bg5 Qe8 14. Rfe1
Qe6 15. e3 Nf6 16. Bf4 Ne4 17. Qc2 Bb4 18. Rec1 c6 19. h4 Be7 20. Kh2 f6 21.
Bh3 Qf7 22. Qe2 h6 23. g4 g5 24. Bg3 Nxg3 25. Kxg3 Bd6+ 26. Kg2 Rae8 27. Rh1 c5
28. Qc2 Re4 29. Rag1 Rfe8 30. Nd2 R4e7 31. Nf3 Ba6 32. Rd1 Rc7 33. Qa4 Be2 34.
Rd2 b5 35. Qa6 Bxf3+ 36. Kxf3 Qe6 37. Qxb5 Qe4+ 38. Ke2 a6 39. Qd3 Qxh1 40.
Qg6+ Kf8 41. dxc5 Qxh3 42. Qxf6+ Rf7 43. Qxh6+ Rg7 44. Qxd6+ Kg8 45. Qxd5+ Kh8
46. Qf5 Qxh4 47. c6 Qh7 48. Qd5 Qe4 49. Qxe4 Rxe4 50. Rd8+ Kh7 51. Rc8 Ree7 52.
Ra8 Ra7 53. Rb8 a5 54. Rb5 Kg6 55. Rb6 Kf7 56. Kd3 Ke6 57. Kc4 Kd6 58. Kb5 Rge7
59. Rb8 Kc7 60. Rg8 Re5+ 61. Kc4 Kxc6 62. Rg6+ Kc7 63. Kd4 Rb5 64. a4 Rxb2 65.
Rg7+ Kb6 66. Rg6+ Kb7 67. Rg7+ Ka6 68. Rg6+ Rb6 69. Rxg5 Rb4+ 70. Kc5 Rc7+ 71.
Kd6 Rc2 72. Re5 Rxf2 73. g5 Rg2 74. e4 Rxa4 75. Ke6 Ra1 76. Kf7 Rf1+ 77. Kg7 a4
78. Rd5 Rfg1 79. Kh6 a3 0-1

[Event "Cap d'Agde Karpov Trophy"]
[Site "Cap d'Agde"]
[Date "2019.10.25"]
[Round "3"]
[White "Hou, Yifan"]
[Black "Amin, Bassem"]
[Result "1/2-1/2"]
[WhiteElo "2659"]
[BlackElo "2699"]
[PlyCount "143"]
[EventDate "2019.10.25"]
[EventType "tourn (rapid)"]
[EventRounds "14"]
[EventCountry "FRA"]
[EventCategory "14"]
[SourceTitle "CBM 192 Extra"]
[Source "Chessbase"]
[SourceDate "2019.11.06"]
[SourceVersion "1"]
[SourceVersionDate "2019.11.06"]
[SourceQuality "1"]

1. e4 e5 2. Nf3 Nc6 3. Bb5 a6 4. Ba4 Nf6 5. O-O Be7 6. Re1 b5 7. Bb3 d6 8. c3
O-O 9. h3 Nb8 10. d4 Nbd7 11. Nbd2 Bb7 12. Bc2 Re8 13. Nf1 Bf8 14. Ng3 g6 15.
a4 c5 16. d5 c4 17. Bg5 Be7 18. Be3 Qc7 19. Nh2 h5 20. Qd2 Nc5 21. Bg5 Nh7 22.
Be3 Nf6 23. Bh6 Nfd7 24. Qe2 Bf8 25. Qe3 Kh7 26. Bxf8 Rxf8 27. Nf3 Qd8 28. axb5
axb5 29. Rxa8 Bxa8 30. Ra1 Bb7 31. Ng5+ Kg7 32. f4 exf4 33. Qxf4 Qf6 34. Qe3
Qe5 35. Nf1 Re8 36. Nf3 Qf6 37. Rd1 Ne5 38. N1d2 Bc8 39. Nxe5 Qxe5 40. Nf3 Qg3
41. Qd4+ f6 42. Qf2 Qxf2+ 43. Kxf2 Bd7 44. Ra1 Rb8 45. Nd4 b4 46. Ra7 b3 47.
Bd1 Kf8 48. Be2 Nxe4+ 49. Ke3 Nxc3 50. Bxc4 Re8+ 51. Kd3 Ne4 52. Bxb3 Nc5+ 53.
Kc4 Bf5 54. Nxf5 gxf5 55. Bd1 Re4+ 56. Kc3 Re3+ 57. Kd2 Rd3+ 58. Kc2 Rxd5 59.
Bxh5 Ne4 60. Bf3 Rc5+ 61. Kd3 Rb5 62. Kc2 Rc5+ 63. Kd3 Rb5 64. Bxe4 fxe4+ 65.
Kxe4 Rxb2 66. g4 Rh2 67. Kf5 Rxh3 68. Kxf6 Rh6+ 69. Kf5 d5 70. g5 Rb6 71. Rd7
d4 72. Rxd4 1/2-1/2

[Event "Cap d'Agde Karpov Trophy"]
[Site "Cap d'Agde"]
[Date "2019.10.26"]
[Round "4"]
[White "Nihal, Sarin"]
[Black "Hou, Yifan"]
[Result "0-1"]
[WhiteElo "2610"]
[BlackElo "2659"]
[PlyCount "128"]
[EventDate "2019.10.25"]
[EventType "tourn (rapid)"]
[EventRounds "14"]
[EventCountry "FRA"]
[EventCategory "14"]
[SourceTitle "CBM 192 Extra"]
[Source "Chessbase"]
[SourceDate "2019.11.06"]
[SourceVersion "1"]
[SourceVersionDate "2019.11.06"]
[SourceQuality "1"]

1. d4 Nf6 2. Bg5 e6 3. e4 h6 4. Bxf6 Qxf6 5. c3 d6 6. Bd3 g5 7. Ne2 h5 8. Na3
Nc6 9. O-O Bh6 10. Bb5 a6 11. Bxc6+ bxc6 12. Qa4 Bd7 13. Qa5 Ra7 14. Nc4 Qg6
15. f3 O-O 16. Rae1 h4 17. f4 c5 18. dxc5 Bb5 19. Nd2 gxf4 20. c4 h3 21. Rf2
Bc6 22. cxd6 cxd6 23. Qb6 f3 24. Ng3 Bxd2 25. Rxd2 Qg5 26. Rf2 Qc5 27. Qxc5
dxc5 28. Rxf3 hxg2 29. Rf2 Rd8 30. Rxg2 Kf8 31. Rge2 Rd4 32. Rc1 Rad7 33. Kf2
Rd3 34. Re3 Rd2+ 35. Re2 R2d3 36. Rcc2 Ke7 37. Re3 Kf6 38. e5+ Kg5 39. Rxd3
Rxd3 40. Ke2 Rd4 41. Ke3 Rf4 42. Rd2 Rxc4 43. Rd6 Bd5 44. Rxa6 Rc2 45. Rb6 Rxh2
46. Ne4+ Bxe4 47. Kxe4 Re2+ 48. Kd3 Rxe5 49. a4 Rd5+ 50. Kc3 e5 51. a5 e4 52.
Rb8 c4 53. Kb4 Re5 54. a6 e3 55. a7 e2 56. a8=Q e1=Q+ 57. Kxc4 Re4+ 58. Kd5 Kf4
59. Rh8 Qd2+ 60. Kc5 Qb4+ 61. Kc6 Re6+ 62. Kd7 Qd4+ 63. Kc7 Qc5+ 64. Kd8 Rd6+
0-1

[Event "Cap d'Agde Karpov Trophy"]
[Site "Cap d'Agde"]
[Date "2019.10.26"]
[Round "5"]
[White "Hou, Yifan"]
[Black "Paehtz, Elisabeth"]
[Result "1/2-1/2"]
[WhiteElo "2659"]
[BlackElo "2489"]
[PlyCount "108"]
[EventDate "2019.10.25"]
[EventType "tourn (rapid)"]
[EventRounds "14"]
[EventCountry "FRA"]
[EventCategory "14"]
[SourceTitle "CBM 192 Extra"]
[Source "Chessbase"]
[SourceDate "2019.11.06"]
[SourceVersion "1"]
[SourceVersionDate "2019.11.06"]
[SourceQuality "1"]

1. e4 e6 2. d4 d5 3. Nc3 Nf6 4. Bg5 dxe4 5. Nxe4 Be7 6. Bxf6 gxf6 7. Nf3 f5 8.
Nc3 a6 9. g3 b5 10. Bg2 Bb7 11. O-O c5 12. a4 b4 13. Ne2 O-O 14. Re1 Bf6 15.
dxc5 Qc7 16. Qd2 Qxc5 17. Nf4 Rd8 18. Nd3 Qe7 19. Qe3 Nd7 20. Nd4 Bxg2 21. Kxg2
Nb6 22. Nf3 Nd5 23. Qh6 Bg7 24. Qh5 Qb7 25. Qh4 Rac8 26. Re2 b3 27. cxb3 Qxb3
28. Nde5 h6 29. Rc1 Qb7 30. Nc6 Re8 31. Rec2 Rc7 32. b4 Kf8 33. Qc4 Rec8 34.
Qc5+ Kg8 35. b5 axb5 36. axb5 Bf8 37. Qd4 Bg7 38. Qd3 Qb6 39. Qe2 Kf8 40. Nce5
Kg8 41. Rc6 Rxc6 42. bxc6 Ne7 43. Qc4 Qc7 44. Qc5 Nd5 45. Nd7 Bf8 46. Nxf8 Rxf8
47. Nd4 Qe5 48. Nf3 Qe4 49. Rc4 Qe2 50. Qd4 Ne3+ 51. Qxe3 Qxc4 52. Qxh6 Qxc6
53. Qg5+ Kh7 54. Qh5+ Kg7 1/2-1/2

[Event "Cap d'Agde Karpov Trophy"]
[Site "Cap d'Agde"]
[Date "2019.10.26"]
[Round "6"]
[White "Bacrot, Etienne"]
[Black "Hou, Yifan"]
[Result "1-0"]
[WhiteElo "2671"]
[BlackElo "2659"]
[PlyCount "61"]
[EventDate "2019.10.25"]
[EventType "tourn (rapid)"]
[EventRounds "14"]
[EventCountry "FRA"]
[EventCategory "14"]
[SourceTitle "CBM 192 Extra"]
[Source "Chessbase"]
[SourceDate "2019.11.06"]
[SourceVersion "1"]
[SourceVersionDate "2019.11.06"]
[SourceQuality "1"]

1. e4 c5 2. Nf3 e6 3. d4 cxd4 4. Nxd4 Nf6 5. Nc3 d6 6. g4 h6 7. Rg1 Nc6 8. Be3
Be7 9. h4 d5 10. exd5 Nxd5 11. Nxd5 exd5 12. g5 hxg5 13. hxg5 Rh4 14. Qd2 Nxd4
15. Bxd4 Kf8 16. O-O-O Bf5 17. f4 Bd6 18. Kb1 Qc8 19. Bd3 Bxd3 20. Qxd3 Rh3 21.
Bxg7+ Kxg7 22. Qxd5 Rh2 23. c3 Be7 24. f5 Qc7 25. f6+ Kf8 26. fxe7+ Qxe7 27. g6
Re8 28. Rge1 Qf6 29. g7+ Kxg7 30. Rxe8 Qg6+ 31. Qe4 1-0

[Event "Cap d'Agde Karpov Trophy"]
[Site "Cap d'Agde"]
[Date "2019.10.27"]
[Round "7"]
[White "Hou, Yifan"]
[Black "Sebag, Marie"]
[Result "0-1"]
[WhiteElo "2659"]
[BlackElo "2445"]
[PlyCount "76"]
[EventDate "2019.10.25"]
[EventType "tourn (rapid)"]
[EventRounds "14"]
[EventCountry "FRA"]
[EventCategory "14"]
[SourceTitle "CBM 192 Extra"]
[Source "Chessbase"]
[SourceDate "2019.11.06"]
[SourceVersion "1"]
[SourceVersionDate "2019.11.06"]
[SourceQuality "1"]

1. e4 c5 2. Nf3 d6 3. Bb5+ Nd7 4. d4 cxd4 5. Qxd4 a6 6. Be2 Ngf6 7. O-O e6 8.
c4 Be7 9. Nc3 O-O 10. b3 Qc7 11. Ba3 b6 12. Rfd1 Nc5 13. e5 Ne8 14. exd6 Bxd6
15. Bb2 e5 16. Qd2 e4 17. Nd5 Qb8 18. Nd4 Bxh2+ 19. Kh1 Bd6 20. b4 Na4 21. Ba3
a5 22. c5 bxc5 23. bxc5 Bxc5 24. Rab1 Qd6 25. Nb5 Qd8 26. Bxc5 Nxc5 27. Qe3 Nd3
28. Bxd3 exd3 29. Ne7+ Kh8 30. Rxd3 Bd7 31. Qe5 Nf6 32. Nc7 Ng4 33. Qd6 Nxf2+
34. Kg1 Nxd3 35. Nxa8 Be6 36. Qxd8 Rxd8 37. Nc7 Bxa2 38. Rd1 a4 0-1

[Event "Cap d'Agde Karpov Trophy"]
[Site "Cap d'Agde"]
[Date "2019.10.27"]
[Round "8"]
[White "Khademalsharieh, Sarasadat"]
[Black "Hou, Yifan"]
[Result "1/2-1/2"]
[WhiteElo "2491"]
[BlackElo "2659"]
[PlyCount "53"]
[EventDate "2019.10.25"]
[EventType "tourn (rapid)"]
[EventRounds "14"]
[EventCountry "FRA"]
[EventCategory "14"]
[SourceTitle "CBM 192 Extra"]
[Source "Chessbase"]
[SourceDate "2019.11.06"]
[SourceVersion "1"]
[SourceVersionDate "2019.11.06"]
[SourceQuality "1"]

1. d4 e6 2. c4 b6 3. Nf3 Bb7 4. g3 f5 5. Bg2 Nf6 6. O-O Bd6 7. Nc3 O-O 8. d5
Na6 9. Nd4 Nc5 10. Ncb5 Be5 11. Nf3 a6 12. Nxe5 axb5 13. dxe6 Bxg2 14. Kxg2
dxe6 15. cxb5 Qxd1 16. Rxd1 Nb3 17. Rb1 Rxa2 18. Nd7 Nxd7 19. Rxd7 Rf7 20. Rxf7
Kxf7 21. Bf4 Ra5 22. Rd1 Rxb5 23. Bxc7 Nc5 24. Be5 Ne4 25. f4 Nf6 26. Ra1 Rd5
27. Ra6 1/2-1/2

[Event "Cap d'Agde Karpov Trophy"]
[Site "Cap d'Agde"]
[Date "2019.10.27"]
[Round "9"]
[White "Hou, Yifan"]
[Black "Sarana, Alexey"]
[Result "0-1"]
[WhiteElo "2659"]
[BlackElo "2655"]
[PlyCount "86"]
[EventDate "2019.10.25"]
[EventType "tourn (rapid)"]
[EventRounds "14"]
[EventCountry "FRA"]
[EventCategory "14"]
[SourceTitle "CBM 192 Extra"]
[Source "Chessbase"]
[SourceDate "2019.11.06"]
[SourceVersion "1"]
[SourceVersionDate "2019.11.06"]
[SourceQuality "1"]

1. e4 c5 2. Nf3 d6 3. d4 cxd4 4. Nxd4 Nf6 5. Nc3 a6 6. Be2 e5 7. Nb3 Be7 8. O-O
O-O 9. Be3 Be6 10. Qd2 Nbd7 11. a4 Nb6 12. a5 Nc4 13. Bxc4 Bxc4 14. Rfd1 Rc8
15. f3 Qc7 16. Bb6 Qc6 17. Nc1 Rfe8 18. N1a2 Be6 19. Nb4 Qc4 20. Nd3 Bd7 21.
Kh1 h5 22. Bf2 Be6 23. Ra4 Qc7 24. Nb4 Bd7 25. Raa1 Qc4 26. Nbd5 Nxd5 27. Nxd5
Qxc2 28. Nxe7+ Rxe7 29. Qxd6 Rce8 30. Rd2 Qb3 31. Rad1 Bc6 32. Qc5 f6 33. h4
Kh7 34. Qb6 Qf7 35. Bc5 Re6 36. Qb3 f5 37. exf5 Qxf5 38. Qe3 e4 39. f4 Qg4 40.
Rd6 Qxh4+ 41. Kg1 Qg4 42. R1d2 Qf5 43. Bb4 Rf6 0-1

[Event "Cap d'Agde Karpov Trophy"]
[Site "Cap d'Agde"]
[Date "2019.10.28"]
[Round "10"]
[White "Amin, Bassem"]
[Black "Hou, Yifan"]
[Result "1/2-1/2"]
[WhiteElo "2699"]
[BlackElo "2659"]
[PlyCount "129"]
[EventDate "2019.10.25"]
[EventType "tourn (rapid)"]
[EventRounds "14"]
[EventCountry "FRA"]
[EventCategory "14"]
[SourceTitle "CBM 192 Extra"]
[Source "Chessbase"]
[SourceDate "2019.11.06"]
[SourceVersion "1"]
[SourceVersionDate "2019.11.06"]
[SourceQuality "1"]

1. e4 c5 2. Nf3 d6 3. c3 Nf6 4. g3 b6 5. Bg2 Bb7 6. d3 e6 7. O-O Be7 8. Re1 O-O
9. Nbd2 Nc6 10. d4 d5 11. e5 Ne4 12. h4 cxd4 13. Nxd4 Nxe5 14. Nxe4 dxe4 15.
Bxe4 Bxe4 16. Rxe4 Qd5 17. Qe2 Nd7 18. c4 Qb7 19. b3 Bf6 20. Bb2 Rad8 21. Re3
Nc5 22. Nf3 Bxb2 23. Qxb2 Rd6 24. b4 Nd7 25. Rc1 Rc8 26. Qb3 h6 27. Rd3 Rxd3
28. Qxd3 Nf6 29. a3 Qe7 30. Ne5 Qc7 31. Qe2 Rd8 32. Qe3 Nd7 33. Nxd7 Qxd7 34.
c5 bxc5 35. Qxc5 Qa4 36. Qe3 h5 37. Kh2 Qd7 38. Rc5 Qb7 39. Qe2 g6 40. Rc1 Rd5
41. Qe3 Kg7 42. Re1 Qd7 43. Rc1 Qb7 44. Qc3+ e5 45. Re1 Qb6 46. Kg1 Qf6 47. Qe3
a6 48. Qe4 Qd6 49. Kg2 f6 50. Rc1 f5 51. Rc7+ Qxc7 52. Qxd5 e4 53. a4 Qc3 54.
b5 axb5 55. axb5 Qb2 56. Qd7+ Kh6 57. Qd8 e3 58. Qf8+ Kh7 59. Qf7+ Kh6 60. Qf8+
Kh7 61. Qe7+ Kg8 62. Qe6+ Kg7 63. Qxe3 Qxb5 64. Qe7+ Kg8 65. Qe6+ 1/2-1/2

[Event "Cap d'Agde Karpov Trophy"]
[Site "Cap d'Agde"]
[Date "2019.10.28"]
[Round "11"]
[White "Hou, Yifan"]
[Black "Nihal, Sarin"]
[Result "0-1"]
[WhiteElo "2659"]
[BlackElo "2610"]
[PlyCount "96"]
[EventDate "2019.10.25"]
[EventType "tourn (rapid)"]
[EventRounds "14"]
[EventCountry "FRA"]
[EventCategory "14"]
[SourceTitle "CBM 192 Extra"]
[Source "Chessbase"]
[SourceDate "2019.11.06"]
[SourceVersion "1"]
[SourceVersionDate "2019.11.06"]
[SourceQuality "1"]

1. e4 e5 2. Nf3 Nc6 3. Bb5 a6 4. Ba4 Nf6 5. O-O Be7 6. d3 b5 7. Bb3 d6 8. c3
O-O 9. Re1 Na5 10. Bc2 c5 11. Nbd2 Qc7 12. Nf1 h6 13. h3 Re8 14. Ng3 Bf8 15. d4
cxd4 16. cxd4 exd4 17. Nxd4 d5 18. Qf3 Nc6 19. Nxc6 Qxc6 20. Re2 dxe4 21. Nxe4
Bb7 22. Nxf6+ Qxf6 23. Qxf6 gxf6 24. Rxe8 Rxe8 25. Be3 Bd5 26. b3 Rc8 27. Bd3
Be6 28. Rd1 Kg7 29. Bd4 Bc5 30. Bb2 Bb4 31. Be4 Bc3 32. Bc1 a5 33. Rd3 Be5 34.
Bd2 f5 35. Bd5 Rc2 36. f4 Bf6 37. Bxa5 Rxa2 38. b4 Ra1+ 39. Kh2 Rb1 40. Bxe6
fxe6 41. Rd7+ Kg6 42. Rd6 Kf7 43. Rb6 Bd4 44. Rxb5 Bg1+ 45. Kg3 Rb3+ 46. Kh4
Kg6 47. Bb6 Bh2 48. Bf2 Bxf4 0-1

[Event "Cap d'Agde Karpov Trophy"]
[Site "Cap d'Agde"]
[Date "2019.10.29"]
[Round "12"]
[White "Paehtz, Elisabeth"]
[Black "Hou, Yifan"]
[Result "1/2-1/2"]
[WhiteElo "2489"]
[BlackElo "2659"]
[PlyCount "80"]
[EventDate "2019.10.25"]
[EventType "tourn (rapid)"]
[EventRounds "14"]
[EventCountry "FRA"]
[EventCategory "14"]
[SourceTitle "CBM 192 Extra"]
[Source "Chessbase"]
[SourceDate "2019.11.06"]
[SourceVersion "1"]
[SourceVersionDate "2019.11.06"]
[SourceQuality "1"]

1. d4 Nf6 2. Bf4 d5 3. e3 e6 4. Nf3 c5 5. c3 Nc6 6. Nbd2 Be7 7. Bd3 Nh5 8. Be5
f6 9. Bg3 g6 10. Bh4 O-O 11. O-O c4 12. Bc2 b5 13. e4 Qe8 14. Bg3 Bd7 15. Re1
Qf7 16. Nf1 Nxg3 17. hxg3 f5 18. exd5 exd5 19. Qd2 Qf6 20. Ne5 Nxe5 21. dxe5
Qc6 22. Nh2 Bc5 23. Nf3 Be6 24. Nd4 Qb6 25. Rad1 Rad8 26. a3 a5 27. Qh6 Rf7 28.
Rd2 Re8 29. Bd1 Bf8 30. Qe3 Rd7 31. Nxf5 Qxe3 32. Nxe3 Bc5 33. Ng4 Bxg4 34.
Bxg4 Rdd8 35. Bf3 d4 36. cxd4 Rxd4 37. Rxd4 Bxd4 38. Bc6 Rxe5 39. Rxe5 Bxe5 40.
Bxb5 Bxb2 1/2-1/2

[Event "Cap d'Agde Karpov Trophy"]
[Site "Cap d'Agde"]
[Date "2019.10.29"]
[Round "13"]
[White "Hou, Yifan"]
[Black "Bacrot, Etienne"]
[Result "1/2-1/2"]
[WhiteElo "2659"]
[BlackElo "2671"]
[PlyCount "77"]
[EventDate "2019.10.25"]
[EventType "tourn (rapid)"]
[EventRounds "14"]
[EventCountry "FRA"]
[EventCategory "14"]
[SourceTitle "CBM 192 Extra"]
[Source "Chessbase"]
[SourceDate "2019.11.06"]
[SourceVersion "1"]
[SourceVersionDate "2019.11.06"]
[SourceQuality "1"]

1. e4 c5 2. Nf3 d6 3. d4 cxd4 4. Nxd4 Nf6 5. Nc3 a6 6. a4 Nc6 7. Be2 g6 8. Be3
Bg7 9. O-O O-O 10. Qd2 Bd7 11. f3 Rb8 12. Nb3 Na5 13. Nxa5 Qxa5 14. Rfd1 Rfc8
15. Ba7 Ra8 16. Bd4 Be6 17. Bf1 Nd7 18. Bxg7 Kxg7 19. Qf2 Qc5 20. Rd2 Qb4 21.
Nd1 b5 22. c3 Qa5 23. b4 Qc7 24. axb5 axb5 25. Rxa8 Rxa8 26. Bxb5 Ne5 27. h3 g5
28. Be2 f6 29. Qd4 Ra1 30. Kf2 Nc6 31. Qe3 Ne5 32. b5 Bc4 33. b6 Qc6 34. Qd4
Bxe2 35. Rxe2 Nc4 36. Kg3 Qxb6 37. Ne3 Qxd4 38. cxd4 Nxe3 39. Rxe3 1/2-1/2